=LDR 00000nam 2200000 4500 =001 INLIS000000000034717 =005 20130612140620 =008 ***********************************ind** =035 ##$$a0010-061300000034717 =041 ##$$a ind =082 ##$$a 028.5 =090 ##$$a 028.5, Jef,c =100 ##$$a Jeffrey, Gary =245 ##$$a Cleopatra, Kisah Sang Ratu Muslim, Gery Jeffrey =250 ##$$a Seri Sejarah Dunia =260 ##$$a 2005 $b Jakarta =300 ##$$a 47 hlm., Illus., 23 cm =650 ##$$a Bacaan Kanak-Kanak =700 ##$$a Gaheri,Anita =850 ##$$a NBPNMAT =990 ##$$a 21196487/BPAP-NTB/2014 =990 ##$$a 21400613/BPAP-NTB/20142014